Latin America-European Union Relations in the Twenty-First Century

Uložené v:
Podrobná bibliografia
Ďalší autori: García, María J., Gómez Arana, Arantza
Médium: Kniha
Jazyk:English
Vydavateľské údaje: Manchester Manchester University Press 2022
Vydanie:1st Edition
Predmet:
Tagy: Pridať tag
Žiadne tagy, Buďte prvý, kto otaguje tento záznam!

MARC

LEADER 00000nam a2200000 4500
001 0304985
005 20250109104718.5
020 |a 978-1-5261-3647-9 
020 |a 978-1-5261-3649-7 
041 0 |a eng 
044 |a GB 
245 1 0 |a Latin America-European Union Relations in the Twenty-First Century  |c editors: María J. García and Arantza Gómez Arana 
250 |a 1st Edition 
264 1 |a Manchester  |b Manchester University Press  |c 2022 
300 |a 202 s. 
610 2 0 |a vzťahy hospodárske medzinárodné 
610 2 0 |a vzťahy politické medzinárodné 
610 2 0 |a politika zahraničná 
610 2 0 |a politika medzinárodná 
610 2 0 |a Latinská Amerika 
610 2 0 |a Európska únia 
700 1 |a García, María J. 
700 1 |a Gómez Arana, Arantza